000 00777nam0a22002531 4500
001 rc\318964
005 20250621034005.0
010 _a5-7455-0269-X
_9650
035 _a(NLR Aleph) 005553667
090 _a5837376
_c5837376
100 _a20030307d1990 |||y0rusy50 ca
101 0 _arus
102 _aRU
105 _aa |||||||||
200 1 _aМикротельца в метаболизме растений
210 _aВоронеж
_cИзд-во Воронеж. ун-та
_d1990
215 _a147, [1] с.
_cил.
_d20
320 _aБиблиогр.: с. 133-146 (243 назв.)
700 1 _aИгамбердиев
_bА.У.
_gАбир Убаевич
801 0 _aRU
_bNLR
_gpsbo
801 1 _aRU
_bELAR
_2rusmarc
852 _aNLR
_j90-3/10069
942 _cBOOK
980 _aNB